Szczegóły MARC21

Pomorze Zachodnie w latach pięćdziesiątych i sześćdziesiątych XX w. w fotografii Tadeusza Białeckiego /

003 -Nazwa inst., której nr kontr. jest w polu 001 [,]
    • @
    • Nazwa instytucji, której n kontrolny jest w polu 001
    • NUKAT
005 -DATA I CZAS OSTATNIEJ MODYFIKACJI [,]
    • @
    • pole kontrolne
    • 20241231091421.0
020 -Międzynarod. znormalizowany nr książki - ISBN [ , ]
    • a
    • Numer ISBN
    • 9788393750009 Find
    • q
    • Dopowiedzenie
    • SHKTI
020 -Międzynarod. znormalizowany nr książki - ISBN [ , ]
    • a
    • Numer ISBN
    • 9788361456803 Find
    • q
    • Dopowiedzenie
    • Muzeum Archeologiczno-Historyczne w Stargardzie
020 -Międzynarod. znormalizowany nr książki - ISBN [ , ]
    • a
    • Numer ISBN
    • 9788393549528 Find
    • q
    • Dopowiedzenie
    • Muzeum Ziemi Kamieńskiej
020 -Międzynarod. znormalizowany nr książki - ISBN [ , ]
    • a
    • Numer ISBN
    • 9788393394234 Find
    • q
    • Dopowiedzenie
    • (IHiSM US
040 -Instytucja sporządzająca opis [ , ]
    • a
    • Instytucja, która sporządziła opis (NP)
    • OLSZT 003/JG
    • b
    • Język katalogowania
    • pol
    • e
    • Zasady katalogowania
    • rda
    • c
    • Instytucja, która sporządziła rekord (NP)
    • OLSZT 003/JGs
    • d
    • Instytucja, która zmodyfikowała rekord (P)
    • WR U/DFs
    • d
    • Instytucja, która zmodyfikowała rekord (P)
    • SZCZ U/KP
942 -Rodzaj dokumentu [ , ]
    • c
    • Rodzaj dokumentu
    • Książka
100 -Hasło główne - nazwa osobowa [1, ]
    • a
    • Nazwa osobowa (NP)
    • Białecki, Tadeusz
    • d
    • Daty biograficzne (NP)
    • (1933- ).
    • e
    • Rodzaj współpracy
    • Autor
    • e
    • Rodzaj współpracy
    • Fotografie
    • 9
    • KHW
    • 7603
245 -Strefa tytułu i oznaczenia odpowiedzialności [1,0]
    • a
    • Tytuł
    • Pomorze Zachodnie w latach pięćdziesiątych i sześćdziesiątych XX w. w fotografii Tadeusza Białeckiego / Find
    • c
    • Pozostałe elementy strefy tytułu i oznaczenia odpowiedzialności (NP)
    • redakcja naukowa Paweł Migdalski ; wybór ilustracji Tadeusz Białecki i Paweł Migdalski ; Stowarzyszenie Historyczno-Kulturalne "Terra Incognita", Muzeum Archeologiczno-Historyczne w Stargardzie , Muzeum Historii Ziemi Kamieńskiej, Instytut Historii i Stosunków Międzynarodowych Uniwersytetu Szczecinskiego.
260 -Strefa adresu wydawniczego [ , ]
    • a
    • Miejsce wydania (P)
    • Chojna [i pozostałe] :
    • b
    • Nazwa wydawcy (P)
    • Stowarzyszenie Historyczno-Kulturalne "Terra Incognita" [i pozostałe],
    • c
    • Data wydania (P)
    • 2013.
300 -Strefa opisu fizycznego [ , ]
    • a
    • Określenie formy książki i/lub objętość (NP)
    • 236, [4] strony :
    • b
    • Oznaczenie ilustracji (NP)
    • ilustracje ;
    • c
    • Format (NP)
    • 24 cm.
336 -Typ zawartości [ , ]
    • a
    • Termin opisujący typ zawartości
    • Tekst
    • b
    • Kod określający zawartość
    • txt
    • 2
    • Źródło (terminu i kodu)
    • rdacontent
337 -Typ mediów [ , ]
    • a
    • Tryb odtwarzania
    • Bez urządzenia pośredniczącego
    • b
    • Kod typu mediów
    • n
    • 2
    • Źródło (terminu i kodu)
    • rdamedia
338 -Typ/rodzaj nośnika [ , ]
    • a
    • Hasło opisujące typ nośnika
    • Wolumin
    • b
    • Kod typu nośnika
    • nc
    • 2
    • Źródło (terminu i kodu)
    • rdacarrier
500 -Uwaga ogólna [ , ]
    • a
    • Uwaga ogólna (NP)
    • Redaktor naukowy i osoby dokonujące wyboru ilustracji ze strony redakcyjnej.
504 -Uwaga dot. bibliogr. załącznikowej [ , ]
    • a
    • Uwaga dot. bibliografii załącznikowej
    • Bibliografia na stronach 235-[237].
600 -Hasło przedmiotowe w formie nazwy osobowej [1,7]
    • a
    • Nazwa osobowa
    • Białecki, Tadeusz
    • d
    • Daty związane z nazwą
    • (1933- ).
    • 2
    • Źródło terminu
    • kaba
    • 9
    • KHW
    • 7603
650 -Hasło przedmiotowe [ ,7]
    • a
    • Hasło przedmiotowe
    • Fotografia
    • z
    • Określnik geograficzny
    • Polska
    • y
    • Określnik chronologiczny
    • 1945-1970.
    • 2
    • Źródło terminu
    • kaba
    • 9
    • KHW
    • 610101
651 -Hasło przedmiotowe w formie nazwy geograficznej [ ,7]
    • a
    • Nazwa geograficzna
    • Pomorze Zachodnie (Polska ; region)
    • y
    • Określnik chronologiczny
    • 1945-1970.
    • 2
    • Źródło terminu
    • kaba
    • 9
    • KHW
    • 448955
651 -Hasło przedmiotowe w formie nazwy geograficznej [ ,7]
    • a
    • Nazwa geograficzna
    • Pomorze Zachodnie (Polska ; region)
    • y
    • Określnik chronologiczny
    • 1945-1970
    • v
    • Określnik formalny
    • fotografie.
    • 2
    • Źródło terminu
    • kaba
    • 9
    • KHW
    • 555913
700 -Hasło dodatkowe - nazwa osobowa [1, ]
    • a
    • Nazwa osobowa (NP)
    • Migdalski, Paweł Find
    • d
    • Daty biograficzne (NP)
    • (1979- ).
    • e
    • Określenie rodzaju współpracy
    • Redakcja
    • 9
    • KHW
    • 72876
710 -Hasło dodatkowe - nazwa ciała zbiorowego [2, ]
    • a
    • Nazwa ciała zbiorowego lub nazwa geograficzna jako pierwszy element (NP)
    • Stowarzyszenie Historyczno-Kulturalne "Terra Incognita" (Chojna).
    • e
    • Rodzaj współpracy
    • Wydawca
    • 4
    • Kod relacji
    • pbl
    • 9
    • KHW
    • 80688
920 -ISBN [ , ]
    • a
    • ISBN
    • 978-83-937500-0-9 Find
    • q
    • Dopowiedzenie
    • SHKTI
920 -ISBN [ , ]
    • a
    • ISBN
    • 978-83-61456-80-3 Find
    • q
    • Dopowiedzenie
    • Muzeum Archeologiczno-Historyczne w Stargardzie
920 -ISBN [ , ]
    • a
    • ISBN
    • 978-83-935495-2-8 Find
    • q
    • Dopowiedzenie
    • Muzeum Ziemi Kamieńskiej
920 -ISBN [ , ]
    • a
    • ISBN
    • 978-83-933942-3-4 Find
    • q
    • Dopowiedzenie
    • IHiSM US
Numer inwentarzowy Status udost. Lokalizacja
Ikn.11861BG
Ikn.11871BG